| 000 | 01082cam a2200241 4500 | ||
|---|---|---|---|
| 001 | WB3818-22 | ||
| 008 | 020515n2002 000 0 eng u | ||
| 035 | _a(Sirsi) u117976 | ||
| 245 | _aPublic enquiries for major projects | ||
| 260 | _c2002 | ||
| 490 |
_aDTLR News Release _v(0197) 13 May 2002, (2) |
||
| 520 | _aLord Falconer announces new rules for public enquiries into major projects such as airports. New procedures will increase communication between parties aiming for swift and amicable resolution of certain issues. The new rules are part of a package for speeding up decision-making on major infrastructure projects first announced by Stephen Byers in July 2001. For the news release: http://www.press.dtlr.gov.uk/pns/DisplayPN.cgi?pn_id=2002_0197 | ||
| 590 | _aWB | ||
| 650 | _aPUBLIC INQUIRIES | ||
| 650 | _aINFRASTRUCTURE PROJECTS | ||
| 650 | _aLORD FALCONER | ||
| 650 | _aMEDIATION | ||
| 650 | _aPLANNING PROCESS | ||
| 650 | _aTERMINAL 5 | ||
| 650 | _aAIRPORTS | ||
| 690 | _aENVIRONMENTAL AND LAND CONSULTANCY-PLANNING AND DEVELOPMENT | ||
| 942 | _n0 | ||
| 999 |
_c70262 _d70262 |
||